000 01848nam a22002657a 4500
999 _c22096
_d22096
003 AR-CdUCM
008 190425b ||||| |||| 00| 0 spa d
040 _aMUNICIPALIDAD PROVINCIAL DEL CUSCO
_cBIBLIOTECA MUNICIPAL DEL CUSCO
082 _aParlante/N°104/2010
110 _aCentro Guamán Poma de Ayala
_920511
245 _aParlante :
_bRevista del Cusco /
260 _aCusco :
_bCentro de Educación y Comunicación Guamán Poma de Ayala,
_c2010.
300 _a36 páginas. :
_bilustraciones ;
_c30 cm.
440 _aParlante revista del Cusco.
_nAño 25, N°104, agosto 2010.
_947437
505 _aContenido: La nueva modalidad de elección de los consejeros regionales avance o retroceso. Maria Isabel Remy. -- Midiendo la calidad de vida de los peruanos. -- ¿La hora de los partidos regionales?. Luis Nieto Degregori. -- Basura en la mira. Jorge Alejandro Vargas Prado. -- Centro histórico la visión de los vecinos. Eldi Flores y Diana Hernández. -- ¡Jóvenes a la obra!. Félix Yanqui Pocohuanca. -- Invasión publicitaria. -- Cusco ombligo de las ciencias de la tierra. -- Todos somos recicladores un proyecto piloto de segregación de basura. Rossana Vera Alarcón. -- Monet para la batalla a la desnutrición. Lina Mesco Quillahuamán. -- ¡Haciendo Click! la revolución de los blogs en Cusco. César Venero Torres. -- Desigualdad, etnicidad y conflicto entrevista a Rosemary Thorp. Carlos de los Rios. -- Historieta en quechua. Antucha yachay wasipi. Jaime Araoz.
650 _aActualidad y política
_947410
650 _aCentro Histórico Cusco
_946767
650 _aEducación, cultura y deportes
_947422
650 _aMedio ambiente
_947423
700 _aVargas Prado, Alejandro
_947438
700 _aVenero Torres, César
_947439
710 _aCentro Guamán Poma de Ayala
_920511
942 _2ddc
_cPP
945 _avhl